LEADER 00607nam a2200169 i 4500 001 000000208662 003 CaOOAMICUS 005 20111124000000.0 008 111124n it u000 u fre u 013 $a187450 040 $aSeMil$bita 245 10$aTome 1. 300 $aXXVIII, 384 p. 773 0 $aKurth, Godefroid Joseph François$tClovis.$btroisième édition, entièrement revue, corrigée et augmentée.$dBruxelles : Albert Dewit, 1923.$w()25863 850 $aSeMil 852 $aSeMil$W1$xVenegono$y1$m3T I 211$j159116$B159116$CSeMilBibl$Z2$F170186 $81 996 $6245$aTome 1$9(OLS)http://semarc/title/1447 LEADER 01151nam a2200229 i 4500 001 000000119792 003 CaOOAMICUS 005 20050210000000.0 008 050210s1967 it u000 u ita u 013 $a92486 040 $aSeMil$bita 100 1 $aVasari, Giorgio,$d<1511-1574>.$0(OLS)http://semarc/name/5115 245 13$aLe vite dei più eccellenti pittori, scultori e architetti :$billustrate dai capolavori dell'arte italiana /$cGiorgio Vasari ; a cura di Jacopo Recupero. 260 $aRoma :$bEditrice Italiana di Cultura,$cstampa 1967. 300 $aXXVII, 757 p., [12] c. di tav. a colori, [30] p. di tav. ;$c25 cm. 650 4$aArte - Italia.$0(OLS)http://semarc/subject/464 700 1 $aRecupero, Jacopo.$0(OLS)http://semarc/name/25808 850 $aSeMil 852 $aSeMil$W1$xVenegono$y1$m5J XVI 12$j74999$B74999$CSeMilBibl$Z2$F92725 $8I 961 $aLascito: Garavaglia don Angelo 996 $6245$aLe vite dei più eccellenti pittori, scultori e architetti :$billustrate dai capolavori dell'arte italiana$9(OLS)http://semarc/title/176149 996 $6260$aRoma :$bEditrice Italiana di Cultura$9(OLS)http://semarc/publisher/45932